[Event "Seville op 45th"]
[Site "Seville"]
[Date "2020.01.10"]
[Round "1"]
[White "Gomez Gonzalez, Agustin"]
[Black "Pridorozhni, Aleksei"]
[Result "0-1"]
[WhiteElo "1794"]
[BlackElo "2601"]
[PlyCount "64"]
[EventDate "2020.01.10"]
[EventType "swiss"]
[EventRounds "9"]
[EventCountry "ESP"]
[SourceTitle "CBM 194 Extra"]
[Source "ChessBase"]
[SourceDate "2020.03.31"]
[SourceVersion "1"]
[SourceVersionDate "2020.03.31"]
[SourceQuality "1"]

1. e4 c5 2. Nc3 Nc6 3. Bb5 Nd4 4. Nf3 e6 5. 0-0 a6 6. Bd3 Ne7 7. Nxd4 cxd4 8. Ne2 d5 9. exd5 Qxd5 10. Ng3 f5 11. Re1 g6 12. b3 Bg7 13. Bc4 Qc6 14. Bb2 e5 15. c3 b5 16. Bf1 f4 17. Ne4 Bf5 18. f3 dxc3 19. Nxc3 0-0 20. Rc1 Qb6+ 21. Kh1 Rad8 22. a4 Nd5 23. Nxd5 Rxd5 24. b4 Rfd8 25. a5 Qd6 26. Bc3 h5 27. Qb3 Kh7 28. Qb2 g5 29. Be2 g4 30. fxg4 hxg4 31. Bd1 g3 32. Bb3 Qh6 0-1

[Event "Seville-ch"]
[Site "Seville"]
[Date "2013.01.26"]
[Round "1"]
[White "Aranaz Murillo, Amalia"]
[Black "Gomez Gonzalez, Agustin"]
[Result "1/2-1/2"]
[WhiteElo "2240"]
[BlackElo "1839"]
[PlyCount "89"]
[EventDate "2013.01.26"]
[EventType "swiss"]
[EventRounds "6"]
[EventCountry "ESP"]
[SourceTitle "EXT 2014"]
[Source "ChessBase"]
[SourceDate "2013.11.20"]
[SourceVersion "1"]
[SourceVersionDate "2013.11.20"]
[SourceQuality "1"]

1. Nf3 f5 2. c4 Nf6 3. g3 g6 4. b4 Bg7 5. Bb2 d6 6. d4 c6 7. Bg2 Na6 8. a3 Nc7 9. 0-0 0-0 10. Nbd2 Ne4 11. Qc2 Nxd2 12. Nxd2 d5 13. Rad1 e6 14. Nf3 a5 15. Ne5 axb4 16. axb4 Qe7 17. Qb3 dxc4 18. Nxc4 Nd5 19. Ba3 b5 20. Na5 Bd7 21. e3 Rfc8 22. Nb7 Ra7 23. Nc5 Be8 24. f3 Bh6 25. Bc1 Rca8 26. Kh1 Bxe3 27. Rfe1 Bxc1 28. Rxe6 Qg5 29. f4 Bxf4 30. gxf4 Qxf4 31. Rf1 Qxd4 32. Rd1 Ra1 33. Ree1 Rxd1 34. Rxd1 Ra1 35. Bxd5+ cxd5 36. Rxa1 Qxa1+ 37. Kg2 Bf7 38. Nd7 Qd4 39. Qg3 Qe4+ 40. Kf1 Kg7 41. Qc3+ d4 42. Qc5 g5 43. Qf8+ Kg6 44. Qd6+ Be6 45. Ne5+ 1/2-1/2